[Event "N� LL 2004/05"]
[Site "?"]
[Date "2004.09.19"]
[Round "1"]
[White "Wukits, Rene"]
[Black "Gugler, Edgar"]
[Result "1-0"]
[WhiteElo "2244"]
[BlackElo "2195"]
[Annotator "Amstetten : Ternitz/Gloggnitz"]
[PlyCount "66"]
[EventDate "2004.09.20"]

1. d4 d5 2. Nf3 Nf6 3. c4 e6 4. Nc3 a6 5. a4 g6 6. Bf4 Bg7 7. e3 O-O 8. Be2 a5
9. Ne5 Na6 10. h4 Nb4 11. h5 dxc4 12. hxg6 hxg6 13. Bxc4 Nbd5 14. Qb3 c6 15.
Bg5 Qd6 16. e4 Nxc3 17. bxc3 Nxe4 18. Bf4 Qe7 19. Qc2 Nd6 20. Qd3 Rd8 21. Qh3
g5 22. Qh7+ Kf8 23. Bc1 Nxc4 24. Nxc4 b5 25. axb5 cxb5 26. Rxa5 Rb8 27. Rxb5
Rxb5 28. Ba3 Qxa3 29. Nxa3 Rb3 30. Nb1 Ba6 31. Kd2 Rb2+ 32. Ke3 f5 33. Re1 Kf7
{Rest nicht lesbar} 1-0

[Event "N� LL 2004/05"]
[Site "?"]
[Date "2004.09.19"]
[Round "1"]
[White "Degen, Gerhard"]
[Black "Wadsack, Winfried"]
[Result "0-1"]
[WhiteElo "2097"]
[BlackElo "2090"]
[Annotator "Amstetten : Ternitz/Gloggnitz"]
[PlyCount "78"]
[EventDate "2004.09.20"]

1. d4 d5 2. c4 dxc4 3. e3 e5 4. Bxc4 exd4 5. exd4 Nf6 6. Nf3 Bb4+ 7. Nc3 O-O 8.
O-O Bg4 9. Bg5 Be7 10. Be2 Nc6 11. Be3 Nd5 12. Nxd5 Qxd5 13. Qa4 a6 14. Rac1
Rad8 15. Rfd1 Rfe8 16. a3 Bd6 17. h3 Bh5 18. Bc4 Qf5 19. Bd3 Qd7 20. Qc2 h6 21.
Bf5 Qe7 22. g4 Bg6 23. Bxg6 fxg6 24. Qxg6 Rf8 25. Ne1 Qh4 26. Kg2 Rf6 27. Qe4
Rdf8 28. Nd3 Ne7 29. Rc2 Ng6 30. Ne5 Bxe5 31. dxe5 Nf4+ 32. Bxf4 Rxf4 33. Qc4+
$2 (33. Qd5+ $1) 33... Kh8 $2 (33... Rxc4 $3) 34. Qe2 h5 35. Rh1 Kg8 36. Qe3
hxg4 37. Qg3 Qg5 38. Re2 gxh3+ 39. Kxh3 Qh5+ 0-1

[Event "N� LL 2004/05"]
[Site "?"]
[Date "2004.09.19"]
[Round "1"]
[White "Mahdy, Khaled"]
[Black "Hellmayr, Alois"]
[Result "1/2-1/2"]
[WhiteElo "2339"]
[BlackElo "2259"]
[Annotator "B�hlerwerk : Waidhofen"]
[PlyCount "44"]
[EventDate "2004.09.20"]

1. e4 c5 2. Nf3 e6 3. d4 cxd4 4. Nxd4 a6 5. Bd3 Bc5 6. Nb3 Be7 7. O-O Nc6 8. f4
d6 9. Be3 Nf6 10. N1d2 e5 11. Kh1 O-O 12. Nc4 exf4 13. Rxf4 Be6 14. Nb6 Rb8 15.
Nd5 Ne5 16. Bb6 Qd7 17. c4 Nfg4 18. Be2 Bg5 19. Rf1 Rbc8 20. Bg1 Qd8 21. Nd4
Bxd5 22. exd5 Ne3 1/2-1/2

[Event "N� LL 2004/05"]
[Site "?"]
[Date "2004.09.19"]
[Round "1"]
[White "Heimberger, Reinhard"]
[Black "Svanda, Pavel"]
[Result "1-0"]
[WhiteElo "2284"]
[BlackElo "2277"]
[Annotator "B�hlerwerk : Waidhofen"]
[PlyCount "73"]
[EventDate "2004.09.20"]

1. g3 d5 2. Bg2 Nf6 3. Nf3 g6 4. d4 Bg7 5. O-O O-O 6. Nbd2 Nc6 7. c4 e6 8. b3
dxc4 9. Nxc4 Nd5 10. Bb2 Nb6 11. Rc1 Nxc4 12. Rxc4 f6 13. Qc2 Ne7 14. Ba3 c6
15. Rd1 Re8 16. e4 Bd7 17. Ne1 Bf8 18. Nd3 a5 19. Bb2 b6 20. Nf4 Rc8 21. d5
cxd5 22. exd5 Rxc4 23. Qxc4 b5 24. Qc3 e5 25. d6 Nf5 26. Ne2 Nxd6 27. Qc5 Be6
28. Nc3 b4 29. Ne4 Nxe4 30. Rxd8 Bxc5 31. Rxe8+ Kf7 32. Rxe6 Kxe6 33. Bxe4 f5
34. Bd3 g5 35. Bc4+ Kf6 36. Kf1 g4 37. Ke2 {Zeit} 1-0

[Event "N� LL 2004/05"]
[Site "?"]
[Date "2004.09.19"]
[Round "1"]
[White "Kropik, Martin"]
[Black "Semeck, Horst"]
[Result "1-0"]
[WhiteElo "2076"]
[BlackElo "1978"]
[Annotator "B�hlerwerk : Waidhofen"]
[PlyCount "101"]
[EventDate "2004.09.20"]

1. d4 f5 2. c4 Nf6 3. Nc3 e6 4. Bg5 Be7 5. Nf3 b6 6. Bxf6 Bxf6 7. e4 fxe4 8.
Nxe4 Bb7 9. Bd3 Nc6 10. Ne5 Bxe5 11. dxe5 Qe7 12. f4 Qb4+ 13. Qd2 Qxd2+ 14.
Kxd2 Ke7 15. Rae1 Raf8 16. Rhf1 Nd4 17. b4 Bxe4 18. Bxe4 c5 19. bxc5 bxc5 20.
Rb1 Rb8 21. Ke3 g6 22. h4 Nf5+ 23. Bxf5 gxf5 24. Rb5 Rhg8 25. Kf3 Rxb5 26. cxb5
d5 27. exd6+ Kxd6 28. Rd1+ Kc7 29. a4 Re8 30. Re1 Kd6 31. Rd1+ Kc7 32. Rd3 Rg8
33. g3 Rg7 34. Ke2 Re7 35. Kd2 Kb6 36. Rd6+ Kb7 37. a5 Rg7 38. Rd3 Kc7 39. Kc3
Re7 40. Re3 Kd6 41. Kc4 h5 42. Re5 Rg7 43. Re3 Re7 44. Rd3+ Kc7 45. Kxc5 e5 46.
fxe5 Rxe5+ 47. Rd5 Re3 48. Rxf5 Rxg3 49. Rxh5 Rc3+ 50. Kd5 Rb3 51. Ke6 1-0

[Event "N� LL 2004/05"]
[Site "?"]
[Date "2004.09.19"]
[Round "1"]
[White "Strobel, Ferdinand"]
[Black "G�bert, Kurt"]
[Result "*"]
[WhiteElo "2028"]
[BlackElo "1989"]
[Annotator "B�hlerwerk : Waidhofen"]
[PlyCount "34"]
[EventDate "2004.09.20"]

1. f4 g6 2. Nf3 d6 3. g3 Bg7 4. Bg2 c5 5. e4 Nc6 6. d3 h5 7. c3 Nf6 8. O-O c4
9. h3 h4 10. gxh4 Qc7 11. Na3 cxd3 12. Qxd3 a6 13. Be3 Bd7 14. Nc4 Nh5 15. Nb6
Rd8 16. Nd5 Qc8 17. Nb6 Qc7 *

[Event "N� LL 2004/05"]
[Site "?"]
[Date "2004.09.19"]
[Round "1"]
[White "Lehner, Oliver"]
[Black "Sulyok, Michael"]
[Result "1-0"]
[WhiteElo "2414"]
[BlackElo "2161"]
[Annotator "Baden : St.P�lten"]
[PlyCount "61"]
[EventDate "2004.09.20"]

1. d4 Nf6 2. Nf3 d5 3. c4 e6 4. Nc3 dxc4 5. e4 Bb4 6. Bg5 c5 7. Bxc4 cxd4 8.
Nxd4 Bxc3+ 9. bxc3 Qa5 10. Nb5 Nxe4 11. Qd4 O-O 12. Qxe4 a6 13. Be7 axb5 14.
Bb4 Qc7 15. Bxb5 Bd7 16. Bd3 f5 17. Qe3 Re8 18. O-O Nc6 19. Rfd1 Rad8 20. Bc5
Ra8 21. Be2 e5 22. Bb6 Qc8 23. Rd6 Be6 24. a4 Bf7 25. Bb5 f4 26. Qe4 Bg6 27.
Bc4+ Bf7 28. Bxf7+ Kxf7 29. Qxh7 Qg4 30. h3 Qg5 31. h4 1-0

[Event "N� LL 2004/05"]
[Site "?"]
[Date "2004.09.19"]
[Round "1"]
[White "Herndlbauer, Martin"]
[Black "Ganaus, Hannes"]
[Result "0-1"]
[WhiteElo "2090"]
[BlackElo "2330"]
[Annotator "Baden : St.P�lten"]
[PlyCount "78"]
[EventDate "2004.09.20"]

1. e4 g6 2. d4 Bg7 3. Nc3 a6 4. Bg5 d6 5. Qd2 Nd7 6. f4 c5 7. d5 Ngf6 8. a4 Qa5
9. Ra3 O-O 10. Nf3 Re8 11. Bd3 c4 12. Bxc4 Qb4 13. Bd3 Qxb2 14. Rb3 Qa1+ 15.
Rb1 Qa3 16. O-O Ng4 17. Rb3 Qc5+ 18. Kh1 Ne3 19. Re1 Nc4 20. Bxc4 Qxc4 21. e5
Nc5 22. Rbb1 Bd7 23. a5 Rac8 24. Bh4 Bg4 25. Nd4 Nd7 26. Ne4 dxe5 27. fxe5 Nxe5
28. Rxb7 Qxd5 29. Rxe7 Rxe7 30. Bxe7 Nc4 31. Qf4 Qxd4 32. Bf6 Qd7 33. Bxg7 Kxg7
34. Nf6 Qf5 35. Qxg4 Kxf6 36. Qd4+ Ne5 37. Kg1 Qe6 38. Qf4+ Qf5 39. Qd4 Rc4 0-1

[Event "N� LL 2004/05"]
[Site "?"]
[Date "2004.09.19"]
[Round "1"]
[White "R�hrl, Karl"]
[Black "Zojer, Thomas"]
[Result "0-1"]
[WhiteElo "2225"]
[BlackElo "1982"]
[Annotator "Baden : St.P�lten"]
[PlyCount "63"]
[EventDate "2004.09.20"]

1. d4 d5 2. Nf3 Nf6 3. c4 e6 4. Nc3 Nbd7 5. e3 c6 6. Bd3 dxc4 7. Bxc4 Be7 8.
O-O O-O 9. e4 b5 10. Bd3 a6 11. Qe2 Re8 12. e5 Nd5 13. Ne4 h6 14. Be3 Bb7 15.
Rac1 Rc8 16. Nfd2 c5 17. Nxc5 Bxc5 18. dxc5 Nxe5 19. Bb1 Nxe3 20. Qxe3 Ng4 21.
Qe2 Qh4 22. h3 Nf6 23. Nf3 Qh5 24. b4 Nd5 25. Be4 f5 26. Bxd5 Bxd5 27. Rfe1 Qg6
28. g3 Qh5 29. Rc3 Qxh3 30. Qe5 g5 31. Rd3 g4 32. Qf6 0-1

[Event "N� LL 2004/05"]
[Site "?"]
[Date "2004.09.19"]
[Round "1"]
[White "Hardt, Christian"]
[Black "Engelhardt, Richard"]
[Result "0-1"]
[WhiteElo "2036"]
[BlackElo "2159"]
[Annotator "Baden : St.P�lten"]
[PlyCount "60"]
[EventDate "2004.09.20"]

1. e4 c5 2. Nf3 e6 3. Nc3 a6 4. g3 d5 5. exd5 exd5 6. d4 Nc6 7. Be3 c4 8. Bg2
Bb4 9. O-O Bxc3 10. bxc3 Nge7 11. Ne5 O-O 12. Rb1 f6 13. Nxc6 bxc6 14. a4 Nf5
15. Bf4 Re8 16. Qc1 g5 17. Bd2 Nd6 18. Qa3 Bf5 19. Rb2 Re2 20. Rd1 Qe7 21. Bf3
Bh3 (21... Rxd2 $1 22. Rxd2 Qe1+ 23. Kg2 g4) 22. Rbb1 Re8 23. Qc1 g4 24. Bh1
Ne4 25. Be1 Ng5 26. Bd2 Nf3+ 27. Bxf3 gxf3 28. Be3 Qe6 29. Rb7 Qf5 30. Bd2 Bf1
0-1

[Event "N� LL 2004/05"]
[Site "?"]
[Date "2004.09.19"]
[Round "1"]
[White "Weissenbeck, Manuel"]
[Black "Holemar, David"]
[Result "1-0"]
[WhiteElo "2227"]
[BlackElo "2380"]
[Annotator "Zwettl : Mauerbach"]
[PlyCount "89"]
[EventDate "2004.09.20"]

1. d4 Nf6 2. Nf3 g6 3. c4 Bg7 4. Nc3 O-O 5. e4 d6 6. Be2 Nbd7 7. O-O e5 8. Re1
c6 9. h3 Re8 10. d5 c5 11. a3 Re7 12. Nh2 Nf8 13. b4 b6 14. Bd2 a6 15. bxc5
bxc5 16. Rb1 Raa7 17. Ng4 Nxg4 18. Bxg4 f5 19. Bf3 Rf7 20. Qc2 Bf6 21. Rb3 Bh4
22. Reb1 fxe4 23. Nxe4 Bf5 24. Rb8 Qe7 25. R1b3 Bxe4 26. Qxe4 Bg5 27. Ba5 Rf4
28. Qe2 Qf7 29. Bg4 Kg7 30. Bd2 Re7 31. g3 Rxg4 32. hxg4 Bxd2 33. Qxd2 Nd7 34.
R8b7 e4 35. Qb2+ Kh6 36. Qd2+ Kg7 37. Qe3 Nf6 38. Rxe7 Qxe7 39. Qf4 h6 40. Rb6
e3 41. Qxe3 Qc7 42. Qb3 Nd7 43. Rb7 Qc8 44. Ra7 Kf6 45. Qf3+ 1-0

[Event "N� LL 2004/05"]
[Site "?"]
[Date "2004.09.19"]
[Round "1"]
[White "Vyskocil, Neklan"]
[Black "Penz, Harald"]
[Result "1-0"]
[WhiteElo "2305"]
[BlackElo "2269"]
[Annotator "Zwettl : Mauerbach"]
[PlyCount "75"]
[EventDate "2004.09.20"]

1. e4 e5 2. Nf3 Nf6 3. Nxe5 d6 4. Nf3 Nxe4 5. Bd3 Nf6 6. h3 Be7 7. O-O O-O 8.
c3 Nc6 9. Bc2 Be6 10. d4 Qd7 11. Bf4 a6 12. Re1 Rfe8 13. Nbd2 Bf5 14. Nf1 Nd5
15. Bd2 Bxc2 16. Qxc2 Bf6 17. Ng3 g6 18. c4 Nb6 19. Ne4 Bg7 20. d5 Ne5 21. Nxe5
Bxe5 22. Re3 c6 23. Rae1 cxd5 24. cxd5 Rec8 25. Bc3 Qb5 26. Qd1 Qxd5 27. Rd3
Qxa2 28. Rxd6 Bxc3 29. bxc3 Rc6 30. Rd8+ (30. Nf6+ $1) 30... Rxd8 31. Qxd8+ Kg7
32. Qd4+ f6 33. Nxf6 Kf7 34. Nxh7 Qd5 35. Qh8 Nd7 36. h4 Re6 37. Ng5+ Qxg5 38.
Qh7+ 1-0

[Event "N� LL 2004/05"]
[Site "?"]
[Date "2004.09.19"]
[Round "1"]
[White "Schorn, Christoph"]
[Black "D�ckstein, Andreas"]
[Result "1-0"]
[WhiteElo "2152"]
[BlackElo "2288"]
[Annotator "Zwettl : Mauerbach"]
[PlyCount "33"]
[EventDate "2004.09.20"]

1. e4 e6 2. d4 d5 3. Nc3 Bb4 4. e5 c5 5. a3 Bxc3+ 6. bxc3 Ne7 7. Qg4 O-O 8. Bd3
Qa5 9. Bd2 Nbc6 10. Nf3 Nf5 11. Qh3 c4 12. g4 cxd3 13. gxf5 exf5 14. Rg1 g6 15.
Qh6 Qc7 16. Ng5 f6 17. Nxh7 1-0

[Event "N� LL 2004/05"]
[Site "?"]
[Date "2004.09.19"]
[Round "1"]
[White "Vykydal, Frantisek"]
[Black "Thoma, Wilhelm"]
[Result "1-0"]
[WhiteElo "2246"]
[BlackElo "2126"]
[Annotator "Zwettl : Mauerbach"]
[PlyCount "55"]
[EventDate "2004.09.20"]

1. e4 c5 2. Nc3 d6 3. g3 g6 4. Bg2 Bg7 5. d3 Nc6 6. Be3 e6 7. Qd2 Rb8 8. a4 a6
9. Nge2 Bd7 10. O-O Nd4 11. Nd1 Ne7 12. Nxd4 cxd4 13. Bh6 O-O 14. Bxg7 Kxg7 15.
Qb4 Qc7 16. Qxd4+ e5 17. Qc3 Rfc8 18. Qxc7 Rxc7 19. Ne3 Be6 20. f4 exf4 21.
gxf4 f5 22. Bh3 Rc6 23. Rae1 Kf6 24. Rf2 b5 25. axb5 axb5 26. b4 fxe4 27. Bxe6
Kxe6 28. dxe4 {Rest nicht lesbar} 1-0

[Event "N� LL 2004/05"]
[Site "?"]
[Date "2004.09.19"]
[Round "1"]
[White "Hangweyrer, Manfred"]
[Black "Schroll, Gerhard"]
[Result "1/2-1/2"]
[WhiteElo "2331"]
[BlackElo "2365"]
[Annotator "Wr.Neustadt : Stockerau"]
[PlyCount "44"]
[EventDate "2004.09.20"]

1. e4 Nf6 2. Nc3 d5 3. e5 Nfd7 4. d4 c5 5. f4 cxd4 6. Nb5 Nc6 7. Nf3 Qa5+ 8.
Qd2 Qb6 9. a4 a6 10. a5 Qd8 11. Nbxd4 e6 12. Nxc6 bxc6 13. c3 c5 14. c4 d4 15.
Bd3 Be7 16. O-O Bb7 17. Qc2 g6 18. Ra3 Qc7 19. Nd2 Nb8 20. Ne4 Nc6 21. Bd2 Nb4
22. Qb1 O-O-O 1/2-1/2

[Event "N� LL 2004/05"]
[Site "?"]
[Date "2004.09.19"]
[Round "1"]
[White "Posch, Werner"]
[Black "Gr�tz, Harald"]
[Result "1-0"]
[WhiteElo "2188"]
[BlackElo "2305"]
[Annotator "Wr.Neustadt : Stockerau"]
[PlyCount "79"]
[EventDate "2004.09.20"]

1. e4 c5 2. Nc3 d6 3. g3 Nc6 4. Bg2 g6 5. d3 Bg7 6. Be3 Nd4 7. Qd2 Rb8 8. Nd1
e6 9. c3 Nc6 10. f4 Nge7 11. Nf3 O-O 12. O-O b6 13. d4 cxd4 14. Nxd4 Nxd4 15.
Bxd4 e5 16. Be3 Be6 17. Nf2 d5 18. Rfd1 dxe4 19. Nxe4 Qxd2 20. Bxd2 Rbd8 21.
fxe5 Bxe5 22. Bh6 Rxd1+ 23. Rxd1 Rc8 24. Bg5 Nd5 25. Nf2 Nc7 26. Nd3 Bg7 27.
Nb4 Bg4 28. Rd2 h6 29. Be3 Re8 30. Kf2 Be6 31. Nc6 Bxa2 32. Nxa7 b5 33. Rd7 Be5
34. Nc6 Be6 35. Nxe5 Bxd7 36. Nxd7 Rd8 37. Bc6 Nd5 38. Bxh6 b4 39. Bg5 bxc3 40.
bxc3 1-0

[Event "N� LL 2004/05"]
[Site "?"]
[Date "2004.09.19"]
[Round "1"]
[White "Schmid, Thomas"]
[Black "Ganauser, Eduard"]
[Result "1/2-1/2"]
[WhiteElo "2152"]
[BlackElo "1979"]
[Annotator "Wr.Neustadt : Stockerau"]
[PlyCount "111"]
[EventDate "2004.09.20"]

1. e4 c5 2. Nf3 Nc6 3. Bb5 e6 4. O-O Nge7 5. c3 d5 6. exd5 Qxd5 7. Qe2 a6 8.
Ba4 g6 9. c4 Qd7 10. Ne5 Qc7 11. Nc3 Bg7 12. Nxc6 Nxc6 13. Nd5 Qd8 14. Bxc6+
bxc6 15. Nc3 O-O 16. d3 Rb8 17. Be3 Qa5 18. Rac1 f5 19. Bf4 Rb7 20. Rc2 Rd8 21.
Rd1 e5 22. Bxe5 Re7 23. f4 Bxe5 24. fxe5 Qc7 25. Re1 Rde8 26. Qf2 Rxe5 27. Rce2
Kf7 28. Qf4 Kf6 29. Ne4+ Kg7 30. Nxc5 Kf6 31. Ne4+ Kg7 32. Nc5 Kf6 33. Rxe5
Rxe5 34. Qd4 Qe7 35. Rxe5 (35. Qh4+ $3 Kf7 36. Qxh7+ Kf6 37. Qh8+ Qg7 38. Qxg7+
Kxg7 39. Rxe5) 35... Qxe5 36. Qxe5+ Kxe5 37. Nb3 f4 38. Kf2 Bf5 39. Ke2 g5 40.
h3 h5 41. a4 Kd6 42. d4 Be4 43. Kf2 Bd3 44. Nd2 Bc2 45. a5 c5 46. d5 g4 47.
hxg4 hxg4 48. g3 f3 49. Ke3 Ke5 50. Nf1 Bf5 51. Nh2 Bd7 52. Kd3 Bf5+ 53. Ke3
Bd7 54. Nf1 Bf5 55. Nd2 Bc2 56. Nf1 1/2-1/2

[Event "N� LL 2004/05"]
[Site "?"]
[Date "2004.09.19"]
[Round "1"]
[White "Steiner, Adam"]
[Black "Sadilek, Maximilian"]
[Result "1/2-1/2"]
[WhiteElo "2003"]
[BlackElo "2085"]
[Annotator "Wr.Neustadt : Stockerau"]
[PlyCount "79"]
[EventDate "2004.09.20"]

1. e4 c5 2. Nf3 Nc6 3. d4 cxd4 4. Nxd4 Nf6 5. Nc3 e5 6. Ndb5 d6 7. Bg5 a6 8.
Na3 b5 9. Nd5 Be7 10. Bxf6 Bxf6 11. c3 Ne7 12. Nc2 Nxd5 13. Qxd5 Rb8 14. O-O-O
Be7 15. Nb4 Bb7 16. Qd3 O-O 17. Nd5 Bxd5 18. Qxd5 Qb6 19. f3 Rfc8 20. h4 a5 21.
Kb1 Rc5 22. Qd2 Qc6 23. Bd3 Kh8 24. Rc1 Rc8 25. g3 a4 26. Rc2 a3 27. b4 Rxc3
28. Rxc3 Qxc3 29. Qxc3 Rxc3 30. Rc1 Rxc1+ 31. Kxc1 d5 32. exd5 Bxb4 33. h5 Be1
34. g4 b4 35. Kc2 Kg8 36. Kb3 h6 37. Kc4 Kf8 38. Bc2 Ke7 39. Kc5 Kd7 40. Ba4+
1/2-1/2

[Event "N� LL 2004/05"]
[Site "?"]
[Date "2004.09.19"]
[Round "1"]
[White "Winiwarter, Felix"]
[Black "Weiss, Christian"]
[Result "0-1"]
[WhiteElo "2210"]
[BlackElo "2383"]
[Annotator "P�chlarn : Krems"]
[PlyCount "65"]
[EventDate "2004.09.20"]

1. e4 c6 2. d4 g6 3. Nc3 d5 4. h3 Bg7 5. Nf3 dxe4 6. Nxe4 Nf6 7. Nxf6+ exf6 8.
Be2 O-O 9. O-O Be6 10. Bf4 a5 11. Qd2 Re8 12. c4 Na6 13. Rad1 Bf8 14. a3 Nc7
15. Rfe1 Bd6 16. Bf1 a4 17. Qc1 Rc8 18. Re4 Bf5 19. Rxe8+ Nxe8 20. Re1 Be6 21.
Bd2 b5 22. Bc3 bxc4 23. Nd2 Bf4 24. Qd1 Bxd2 25. Qxd2 Nc7 26. Ba5 Qd6 27. Bxc7
Rxc7 28. Qc3 Rb7 29. Bxc4 Bxc4 30. Qxc4 Rxb2 31. Qxa4 Rd2 32. Ra1 Rxd4 33. Qc2
{Rest nicht lesbar , 0:1 im 58.Zug} 0-1

[Event "N� LL 2004/05"]
[Site "?"]
[Date "2004.09.19"]
[Round "1"]
[White "Knoll, Hermann"]
[Black "W�ber, Friedrich"]
[Result "1-0"]
[WhiteElo "2351"]
[BlackElo "2189"]
[Annotator "P�chlarn : Krems"]
[PlyCount "59"]
[EventDate "2004.09.20"]

1. d4 d5 2. Nf3 Nf6 3. c4 e6 4. Nc3 Be7 5. Bf4 O-O 6. e3 c5 7. dxc5 Qa5 8. Nd2
dxc4 9. Bxc4 Qxc5 10. Qe2 a6 11. O-O b5 12. Bd3 Bb7 13. Nb3 Qb6 14. e4 Nbd7 15.
Be3 Nc5 16. a4 b4 17. a5 Qc7 18. Bxc5 Bxc5 19. Na4 Ba7 20. Rac1 Qf4 21. g3 Qh6
22. Rc7 Qh3 23. Nb6 Rad8 24. Nc5 Rxd3 25. Nxd3 Bxe4 26. Nf4 Qf5 27. Rxa7 g5 28.
f3 gxf4 29. fxe4 Qxa5 30. Nd7 1-0

[Event "N� LL 2004/05"]
[Site "?"]
[Date "2004.09.19"]
[Round "1"]
[White "Mayer, Martin"]
[Black "Steinm�ller, G�nther"]
[Result "1-0"]
[WhiteElo "2000"]
[BlackElo "2053"]
[Annotator "P�chlarn : Krems"]
[PlyCount "53"]
[EventDate "2004.09.20"]

1. d4 Nf6 2. Nf3 e6 3. c4 c5 4. e3 cxd4 5. exd4 d5 6. cxd5 Nxd5 7. Nc3 Nc6 8.
a3 Be7 9. Bc4 O-O 10. O-O Bf6 11. Nxd5 exd5 12. Be2 Qb6 13. Be3 Qxb2 14. Qd3
Qb6 15. Rab1 Qc7 16. Rfc1 Qe7 17. Rb5 Rd8 18. Rcc5 a6 19. Rb6 Be6 20. Qb1 Rd7
21. Bd3 g6 22. Qc1 Bg4 23. Rcxc6 bxc6 24. Qxc6 Bxf3 25. Qxa8+ Rd8 26. Qxa6 Bg5
27. Rb7 1-0

[Event "N� LL 2004/05"]
[Site "?"]
[Date "2004.09.19"]
[Round "1"]
[White "Pernerstorfer, Johannes"]
[Black "Walter, Martin"]
[Result "1/2-1/2"]
[WhiteElo "2046"]
[BlackElo "1992"]
[Annotator "P�chlarn : Krems"]
[PlyCount "116"]
[EventDate "2004.09.20"]

1. e4 c5 2. Nf3 Nc6 3. d4 cxd4 4. Nxd4 Nf6 5. Nc3 e5 6. Ndb5 d6 7. Bg5 a6 8.
Na3 b5 9. Nd5 Be7 10. Bxf6 Bxf6 11. Nxf6+ Qxf6 12. c3 Bb7 13. Nc2 O-O 14. g3
Ne7 15. Bg2 Qg6 16. Qe2 d5 17. f3 dxe4 18. fxe4 Rfd8 19. O-O Qb6+ 20. Kh1 Rd6
21. Ne3 Rad8 22. Rad1 f6 23. Rxd6 Rxd6 24. c4 Qd4 25. Nd5 Nxd5 26. cxd5 Rd7 27.
Rc1 Qb6 28. Qc2 f5 29. exf5 Rxd5 30. Qb3 Qd4 31. h3 Kf8 32. Kh2 Rd7 33. Rc2
Bxg2 34. Rxg2 Qd1 35. Qc3 Qd6 36. Re2 Rc7 37. Qf3 Qc6 38. Kg2 Qxf3+ 39. Kxf3
Rc5 40. Ke4 Kf7 41. Rd2 Ke7 42. a3 b4 43. Rd3 bxa3 44. bxa3 Ra5 45. g4 Kf6 46.
Rd6+ Kf7 47. g5 Rxa3 48. Rd7+ Kf8 49. f6 gxf6 50. gxf6 Rxh3 51. Kf5 Rb3 52.
Rxh7 e4 53. Ra7 Rb1 54. Rxa6 e3 55. Ra8+ Kf7 56. Ra7+ Kf8 57. Re7 e2 58. Rxe2
Kf7 1/2-1/2

[Event "N� LL 2004/05"]
[Site "?"]
[Date "2004.10.03"]
[Round "2"]
[White "Weiss, Christian"]
[Black "Weissenbeck, Manuel"]
[Result "0-1"]
[WhiteElo "2383"]
[BlackElo "2227"]
[Annotator "Mauerbach : P�chlarn"]
[PlyCount "144"]
[EventDate "2004.09.20"]

1. c4 Nf6 2. g3 e6 3. Bg2 d5 4. Nf3 Be7 5. O-O O-O 6. d4 c6 7. Nbd2 Nbd7 8. Qc2
b5 9. c5 a5 10. e4 dxe4 11. Nxe4 Nxe4 12. Qxe4 Nf6 13. Qc2 Nd5 14. h4 Bd7 15.
Re1 h6 16. Bd2 Bf6 17. Re4 Re8 18. Rae1 a4 19. Qc1 a3 20. b3 b4 21. Ne5 Re7 22.
Bf1 Be8 23. Bc4 Rb8 24. h5 Rc7 25. Rg4 Bg5 26. Bxd5 Bxd2 27. Qxd2 Qxd5 28. Nd3
Qxh5 29. Rh4 Qg5 30. Re3 Rcb7 31. Rf4 Qd5 32. Rg4 f6 33. Rge4 Bg6 34. Rh4 e5
35. dxe5 Rd8 36. exf6 Bxd3 37. fxg7 Rxg7 38. Rxh6 Be4 39. Qxd5+ Bxd5 40. Rh4
Rf8 41. Rxb4 Rh7 42. Rg4+ Kh8 43. Rh4 Rxh4 44. gxh4 Rf4 45. Re8+ Kg7 46. Ra8
Rxh4 47. f3 Bxf3 48. Rxa3 Kf6 49. Kf2 Bd5 50. Kg3 Rb4 51. Kf2 Ke5 52. Ke3 Rh4
53. Kd2 Rh2+ 54. Kc3 Rh3+ 55. Kb4 Kd4 56. Ka5 Rh8 57. Kb6 Rb8+ 58. Kc7 Rb4 59.
Kd6 Kc3 60. Ra6 Rh4 61. Ra8 Rh7 62. Ra4 Rg7 63. b4 Rg6+ 64. Kc7 Bc4 65. a3 Bb5
66. Ra8 Kb3 67. Kb6 Ba4 68. Rd8 Kxa3 69. Rd6 Rg4 70. Rxc6 Rxb4+ 71. Kc7 Bxc6
72. Kxc6 Ka4 0-1

[Event "N� LL 2004/05"]
[Site "MyTown"]
[Date "2004.10.03"]
[Round "2"]
[White "Penz, Harald"]
[Black "Knoll, Hermann"]
[Result "1/2-1/2"]
[WhiteElo "2269"]
[BlackElo "2351"]
[Annotator "Mauerbach : P�chlarn"]
[PlyCount "96"]
[EventDate "2004.??.??"]
[TimeControl "240+2"]

{20MB, Fritz8.ctg, OEMComputer} 1. e4 e6 2. d4 c5 3. c3 d5 4. exd5 Qxd5 5. Nf3
Nf6 6. Na3 Qd8 7. Nc2 Nc6 8. Be2 cxd4 9. Nfxd4 Nxd4 10. Qxd4 Qxd4 11. Nxd4 Bd7
12. Bg5 Be7 13. O-O-O a6 14. Rhe1 O-O-O 15. Bf3 Nd5 16. Bxe7 Nxe7 17. Rd2 Kc7
18. Red1 Bc8 19. g3 e5 20. Nb3 Rxd2 21. Rxd2 b6 22. Na1 Be6 23. a3 Rd8 24. Rxd8
Kxd8 25. Nc2 f5 26. Nb4 a5 27. Nc6+ Nxc6 28. Bxc6 Kc7 29. Be8 g5 30. Kd2 Kd6
31. Kd3 Bd5 32. c4 Bg2 33. b4 axb4 34. axb4 f4 35. Ke2 e4 36. Ba4 Bf3+ 37. Ke1
Bh5 38. Bc2 Ke5 39. c5 bxc5 40. bxc5 Bg6 41. h4 gxh4 42. gxf4+ Kxf4 43. c6 Bf5
44. Kf1 h3 45. Kg1 h6 46. c7 Bc8 47. Kh2 Kf3 48. Bb1 Kf4 1/2-1/2

[Event "N� LL 2004/05"]
[Site "MyTown"]
[Date "2004.10.03"]
[Round "2"]
[White "Pernerstorfer, Johannes"]
[Black "Schorn, Christoph"]
[Result "0-1"]
[WhiteElo "2046"]
[BlackElo "2152"]
[Annotator "Mauerbach : P�chlarn"]
[PlyCount "70"]
[EventDate "2004.??.??"]
[TimeControl "240+2"]

{20MB, Fritz8.ctg, OEMComputer} 1. e4 c5 2. Nf3 d6 3. d4 cxd4 4. Nxd4 Nf6 5.
Nc3 a6 6. Be3 Ng4 7. Bc1 Nf6 8. Be3 Ng4 9. Bc4 Nxe3 10. fxe3 e6 11. O-O Nc6 12.
Nxc6 bxc6 13. Qf3 Ra7 14. Rad1 Qg5 15. Bb3 Qg6 16. e5 d5 17. Ne2 Bc5 18. Rd3
O-O 19. Rc3 Bb4 20. Rxc6 Bd7 21. Bxd5 Bxc6 22. Bxc6 Qxc2 23. Be4 Qxb2 24. Nd4
Bc5 25. Nc6 Rd7 26. h4 Qxa2 27. h5 h6 28. Qg3 Qd2 29. Rf3 a5 30. Kh2 a4 31.
Rxf7 Rdxf7 32. Qg6 Rf5 33. Qxe6+ Kh8 34. Bxf5 Qxe3 35. Bg6 Qg1+ 0-1

[Event "N� LL 2004/05"]
[Site "MyTown"]
[Date "2004.10.03"]
[Round "2"]
[White "Thoma, Wilhelm"]
[Black "Gattermayer, Robert"]
[Result "1/2-1/2"]
[WhiteElo "2126"]
[BlackElo "2061"]
[Annotator "Mauerbach : P�chlarn"]
[PlyCount "44"]
[EventDate "2004.??.??"]
[TimeControl "240+2"]

{20MB, Fritz8.ctg, OEMComputer} 1. d4 Nf6 2. c4 {[%emt 0:00:00]} e5 3. dxe5 Ne4
4. Nd2 (4. a3 Nc6 5. Nf3 d6 6. Qc2 Bf5 7. Nc3 Ng3 8. e4 Nxh1 9. exf5 $13) 4...
Bb4 5. Ngf3 Nc6 6. Qc2 Nxd2 (6... d5 7. exd6 Bf5 8. dxc7 Qxc7 9. Qa4 O-O-O 10.
a3 Bxd2+ 11. Bxd2 Nxd2 12. Nxd2 Rxd2 13. Kxd2 Qe5 $19 {
Irgendwer - Kurt Richter 0:1}) 7. Bxd2 Qe7 8. Bc3 O-O 9. Rd1 Re8 10. Rd5 $6 (
10. e3 $142 Bxc3+ 11. Qxc3 Nxe5 12. Nxe5 Qxe5 $11) 10... Bxc3+ 11. Qxc3 Nb4 12.
Rb5 c5 13. a3 Nc6 14. e3 b6 15. Qd2 Bb7 16. Rb3 Rad8 17. Rd3 Nxe5 18. Nxe5 Qxe5
19. Rxd7 Rxd7 20. Qxd7 Re7 21. Qd8+ Re8 22. Qd7 Re7 1/2-1/2

[Event "N� LL 2004/05"]
[Site "MyTown"]
[Date "2004.10.03"]
[Round "2"]
[White "Strubreiter, Markus"]
[Black "Lukic, Igor"]
[Result "1-0"]
[WhiteElo "2029"]
[BlackElo "1808"]
[Annotator "Mauerbach : P�chlarn"]
[PlyCount "39"]
[EventDate "2004.??.??"]
[TimeControl "240+2"]

{20MB, Fritz8.ctg, OEMComputer} 1. e4 {[%emt 0:00:00]} d5 {[%emt 0:00:00]} 2.
exd5 {[%emt 0:00:00]} Nf6 3. Bb5+ Bd7 4. Bc4 c6 5. Nc3 cxd5 6. Nxd5 Bc6 7.
Nxf6+ gxf6 8. Qe2 Rg8 9. Qh5 e6 10. Ne2 Qd6 11. d3 Nd7 12. Bd2 Ne5 13. O-O-O
Rxg2 14. Bf4 Bf3 (14... Qc5 $1 15. Bxe5 Qxe5 16. Qxe5 fxe5 17. Nc3 Bh6+ 18. Kb1
{-+ 1.72}) 15. Bb5+ Ke7 16. Qh3 Rxf2 (16... Bxe2 17. Qxg2) 17. d4 Bxe2 18. dxe5
Qxd1+ 19. Rxd1 Bxd1 20. exf6+ 1-0